00343nam a2200133Ia 4500082001400000100002200014245003900036260004400075300001100119504001900130650002400149650002500173650001100198 a121 AAR-K aAaron, Richard I. 0aKnowing and the function of reason aNew YorkbOxford University pressc1971 ax, 276 aincludes index aKnowledge, Theory o aReasoning Psychology aReason